Michigan Former and Current Municipalities - Statistics

General Stats
  • This quiz has been taken 6 times
  • The average score is 112 of 2684
Answer Stats
Municipality % Correct
Marquette
75%
Saginaw
75%
Ann Arbor
50%
Benton
50%
Benton Harbor
50%
Big Rapids
50%
Cadillac
50%
Clark
50%
Dearborn
50%
Flint
50%
Franklin
50%
Grand Rapids
50%
Grosse Pointe
50%
Grosse Pointe Park
50%
Iron Mountain
50%
Ironwood
50%
Ishpeming
50%
Kalamazoo
50%
Kentwood
50%
Lansing
50%
Lee
50%
Leelanau
50%
Lincoln
50%
Mackinac Island
50%
Mackinaw
50%
Mackinaw City
50%
Muskegon
50%
Negaunee
50%
Pellston
50%
Petoskey
50%
Pontiac
50%
Port Austin
50%
Sault Ste. Marie
50%
Springfield
50%
Sterling
50%
Sterling Heights
50%
Traverse
50%
Trenton
50%
Warren
50%
Wayne
50%
Wyoming
50%
Ypsilanti
50%
Ada
25%
Adrian
25%
Ahmeek
25%
Allen
25%
Allen Park
25%
Alpena
25%
Alto
25%
Antrim
25%
Anvil
25%
Auburn
25%
Auburn Hills
25%
Austin
25%
Au Train
25%
Bad Axe
25%
Baraga
25%
Battle Creek
25%
Bay
25%
Bay City
25%
Beaver
25%
Benzonia
25%
Berrien
25%
Bessemer
25%
Bete Grise
25%
Beulah
25%
Beverly Hills
25%
Big Bay
25%
Birmingham
25%
Bloomfield
25%
Bloomfield Hills
25%
Brockway
25%
Buel
25%
Calumet
25%
Canton
25%
Cascade
25%
Charlevoix
25%
Chelsea
25%
Chocolay
25%
Clare
25%
Cleveland
25%
Clifford
25%
Clinton
25%
Columbia
25%
Columbus
25%
Commerce
25%
Copper Harbor
25%
Dale
25%
Dallas
25%
Dalton
25%
Day
25%
Dearborn Heights
25%
Delaware
25%
Detroit
25%
Dollar Bay
25%
Douglas
25%
Eagle
25%
Eagle Harbor
25%
Eagle River
25%
East Grand Rapids
25%
East Lansing
25%
Elk
25%
Elk Rapids
25%
Elkton
25%
Escanaba
25%
Evans
25%
Farmington
25%
Farmington Hills
25%
Ferndale
25%
Frankenmuth
25%
Frankfort
25%
Fremont
25%
Fulton
25%
Garfield
25%
Gay
25%
Gladstone
25%
Grand Haven
25%
Grandville
25%
Green
25%
Grosse Ile
25%
Grosse Pointe Woods
25%
Gwinn
25%
Hamtramck
25%
Hancock
25%
Hart
25%
Hartford
25%
Harvey
25%
Highland
25%
Highland Park
25%
Houghton
25%
Hudson
25%
Hudsonville
25%
Ionia
25%
Iron River
25%
Jackson
25%
Keego Harbor
25%
Kingsley
25%
Kingston
25%
K.I. Sawyer
25%
Lake
25%
Lake Linden
25%
L'Anse
25%
Laurium
25%
Leland
25%
Lewiston
25%
Lincoln Park
25%
Linwood
25%
Livonia
25%
Lowell
25%
Macomb
25%
Madison
25%
Madison Heights
25%
Mandan
25%
Manistee
25%
Manistique
25%
Menominee
25%
Michiana
25%
Midland
25%
Milton
25%
Mitchell
25%
Monroe
25%
Mount Clemens
25%
Munising
25%
Muskegon Heights
25%
Newberry
25%
Newton
25%
North Muskegon
25%
Norway
25%
Novi
25%
Oakland
25%
Omer
25%
Oxford
25%
Peninsula
25%
Plymouth
25%
Pointe Aux Barques
25%
Portage
25%
Porter
25%
Port Huron
25%
Quincy
25%
Rochester
25%
Rochester Hills
25%
Romulus
25%
Royal Oak
25%
Saugatuck
25%
Seney
25%
Skanee
25%
Southfield
25%
St. Clair
25%
St. Clair Shores
25%
St. Ignace
25%
St. Joseph
25%
Sturgis
25%
Taylor
25%
Thomas
25%
Thompson
25%
Traverse City
25%
Trowbridge
25%
Trowbridge Park
25%
Troy
25%
Union
25%
Wakefield
25%
Walker
25%
Washington
25%
Watervliet
25%
West Bloomfield
25%
Williams
25%
Wilson
25%
York
25%
Zeeland
25%
Abbotsford
0%
Abbottsford
0%
Acme
0%
Adair
0%
Adams
0%
Adamsville
0%
Addison
0%
Advance
0%
Aetna
0%
Afton
0%
Agate
0%
Agnew
0%
Ainger
0%
Akron
0%
Alabaster
0%
Alaiedon
0%
Alamo
0%
Alanson
0%
Alaska
0%
Alba
0%
Albee
0%
Albert
0%
Alberta
0%
Albion
0%
Albion Landing
0%
Albright Shores
0%
Alcona
0%
Alden
0%
Alder
0%
Alfred
0%
Algansee
0%
Alger
0%
Algoma
0%
Algonac
0%
Alicia
0%
Allegan
0%
Allendale
0%
Allenton
0%
Allenville
0%
Allis
0%
Allouez
0%
Alma
0%
Almena
0%
Almer
0%
Almira
0%
Almont
0%
Aloha
0%
Alpha
0%
Alpine
0%
Altona
0%
Alvin
0%
Amadore
0%
Amasa
0%
Amber
0%
Amble
0%
Amboy
0%
Anchor Bay Gardens
0%
Anchor Bay Harbor
0%
Anchor Bay Shores
0%
Anchorville
0%
Andersonville
0%
Antioch
0%
Antlers
0%
Antrim Center
0%
Antrim City
0%
Antwerp
0%
Applegate
0%
Aral
0%
Arbela
0%
Arbutus Beach
0%
Arcada
0%
Arcadia
0%
Arenac
0%
Argenta
0%
Argentine
0%
Argyle
0%
Arlington
0%
Armada
0%
Arnheim
0%
Arnold
0%
Artesia Beach
0%
Arthur
0%
Arvon
0%
Ash
0%
Ashland
0%
Ashley
0%
Ashton
0%
Assinins
0%
Assyria
0%
Athens
0%
Atkins
0%
Atkinson
0%
Atlanta
0%
Atlantic Mine
0%
Atlas
0%
Attica
0%
Atwood
0%
Au Gres
0%
Augusta
0%
Aura
0%
Aurelius
0%
Au Sable
0%
Au Sable River Park
0%
Austin Center
0%
Austin Corners
0%
Avalon Beach
0%
Averill
0%
Avery
0%
Avoca
0%
Azalia
0%
Babcock
0%
Bach
0%
Backus
0%
Backus Beach
0%
Bagley
0%
Bailey
0%
Bainbridge
0%
Baldwin
0%
Balsam
0%
Baltic
0%
Baltimore
0%
Bamfields
0%
Banat
0%
Bancroft
0%
Bangor
0%
Bankers
0%
Banks
0%
Bannister
0%
Barbeau
0%
Bark River
0%
Barnard
0%
Barnes Lake
0%
Barnes Lake-Millers Lake
0%
Barnes Lake–Millers Lake
0%
Baroda
0%
Barry
0%
Barryton
0%
Bartlett
0%
Barton
0%
Barton City
0%
Barton Hills
0%
Bass Lake
0%
Basswood
0%
Batavia
0%
Batavia Center
0%
Bates
0%
Bath
0%
Bauer
0%
Bay de Noc
0%
Bay Mills
0%
Bay Park
0%
Bay Port
0%
Bay Shore
0%
Bay View
0%
Bay View Association
0%
Beadle Lake
0%
Beal City
0%
Bear Creek
0%
Bearinger
0%
Bear Lake
0%
Bear Town
0%
Beaugrand
0%
Beaver Creek
0%
Beaverton
0%
Bedford
0%
Bedore
0%
Beebe
0%
Beech
0%
Beecher
0%
Beechwood
0%
Beitner
0%
Belding
0%
Belknap
0%
Bellaire
0%
Belle River
0%
Belleville
0%
Belleville North
0%
Bellevue
0%
Belvidere
0%
Bendon
0%
Bengal
0%
Bennington
0%
Benona
0%
Benson
0%
Bentley
0%
Bentleys Corners
0%
Benton Heights
0%
Bergland
0%
Berkley
0%
Berlin
0%
Berlin Center
0%
Berrien Center
0%
Berrien Springs
0%
Berringer Corners
0%
Berryville
0%
Bertrand
0%
Bethany
0%
Bethany Beach
0%
Bethel
0%
Betsy
0%
Betty B Landing
0%
Betzer
0%
Big Creek
0%
Big Prairie
0%
Big Rock
0%
Big Spring
0%
Billings
0%
Bingham
0%
Bingham Farms
0%
Birch
0%
Birch Beach
0%
Birch Creek
0%
Birch Run
0%
Birchwood
0%
Bismarck
0%
Bismark
0%
Bitely
0%
Blackman
0%
Black River
0%
Blaine
0%
Blair
0%
Blanchard
0%
Blendon
0%
Bliss
0%
Blissfield
0%
Bloomer
0%
Bloomingdale
0%
Blue Lake
0%
Blue Water Beach
0%
Blumfield
0%
Blumfield Corners
0%
Boardman
0%
Bohemia
0%
Bois Blanc
0%
Bolles Harbor
0%
Bolton
0%
Bond's Mill
0%
Boon
0%
Borculo
0%
Boston
0%
Bourret
0%
Bowne
0%
Boyne City
0%
Boyne Falls
0%
Boyne Valley
0%
Bradley
0%
Bradleyville
0%
Brady
0%
Brady Center
0%
Brampton
0%
Branch
0%
Brandon
0%
Brandon Gardens
0%
Brant
0%
Breckenridge
0%
Breedsville
0%
Breen
0%
Breitung
0%
Brent Creek
0%
Brethren
0%
Brevort
0%
Bridgehampton
0%
Bridgeport
0%
Bridgeton
0%
Bridgewater
0%
Bridgman
0%
Brighton
0%
Briley
0%
Brimley
0%
Brinton
0%
Brissette Beach
0%
Britton
0%
Bronson
0%
Brookfield
0%
Brooklyn
0%
Brooks
0%
Brookside
0%
Broomfield
0%
Brown
0%
Brown City
0%
Brownlee Park
0%
Brownstown
0%
Bruce
0%
Bruce Crossing
0%
Brutus
0%
Buchanan
0%
Buckeye
0%
Buckley
0%
Buena Vista
0%
Bumbletown
0%
Bunker Hill
0%
Burdell
0%
Burleigh
0%
Burlington
0%
Burns
0%
Burnside
0%
Burr Oak
0%
Burt
0%
Burtchville
0%
Burton
0%
Bushnell
0%
Butler
0%
Butman
0%
Butterfield
0%
Butternut
0%
Byron
0%
Byron Center
0%
Caberfae
0%
Caffey
0%
Caffey Corner
0%
Caldwell
0%
Caledonia
0%
California
0%
Calvin
0%
Calvin Center
0%
Cambria
0%
Cambridge
0%
Cambridge Junction
0%
Camden
0%
Campbell
0%
Campbells Corners
0%
Camp Lu Lay Lea
0%
Canada Creek Ranch
0%
Canadian Lakes
0%
Canandaigua
0%
Cannon
0%
Cannonsburg
0%
Capac
0%
Carleton
0%
Carlton
0%
Carmel
0%
Carney
0%
Caro
0%
Carp Lake
0%
Carrollton
0%
Carson City
0%
Carsonville
0%
Casco
0%
Case
0%
Caseville
0%
Casnovia
0%
Caspian
0%
Cass City
0%
Cassopolis
0%
Castleton
0%
Cato
0%
Cedar
0%
Cedar Creek
0%
Cedar Run
0%
Cedar Springs
0%
Cedarville
0%
Cement City
0%
Centennial
0%
Center
0%
Center Line
0%
Centerville
0%
Central
0%
Central Lake
0%
Centreville
0%
Ceresco
0%
Champion
0%
Chandler
0%
Chapin
0%
Charles
0%
Charleston
0%
Charlotte
0%
Charlton
0%
Chase
0%
Chassell
0%
Chatham
0%
Chauncey
0%
Cheboygan
0%
Cherry Grove
0%
Cherry Hill
0%
Cherry Island
0%
Cherry Valley
0%
Chesaning
0%
Cheshire
0%
Chester
0%
Chesterfield
0%
Chestonia
0%
Chikaming
0%
China
0%
Chippewa
0%
Chums Corner
0%
Churchill
0%
Clam Lake
0%
Clam Union
0%
Clarence
0%
Clarendon
0%
Clarksville
0%
Clawson
0%
Clay
0%
Claybanks
0%
Clayton
0%
Clearwater
0%
Clement
0%
Cleon
0%
Clifton
0%
Climax
0%
Clintonville
0%
Clio
0%
Clowry
0%
Clyde
0%
Coe
0%
Cohoctah
0%
Coldsprings
0%
Coldwater
0%
Coleman
0%
Colfax
0%
Coloma
0%
Colon
0%
Colonville
0%
Columbiaville
0%
Comins
0%
Comstock
0%
Comstock Northwest
0%
Comstock Park
0%
Concord
0%
Cone
0%
Constantine
0%
Convis
0%
Conway
0%
Cooks
0%
Cooper
0%
Coopersville
0%
Copemish
0%
Copper City
0%
Copper Falls
0%
Copper Falls Mine
0%
Corinne
0%
Cornell
0%
Corunna
0%
Corwith
0%
Cottrellville
0%
Courtland
0%
Covert
0%
Covington
0%
Craigsmere
0%
Crawfords Quarry
0%
Crescent
0%
Crockery
0%
Crofton
0%
Cross Village
0%
Croswell
0%
Croton
0%
Crystal
0%
Crystal Downs Country Club
0%
Crystal Falls
0%
Crystal Lake
0%
Crystal Mountain
0%
Cumming
0%
Curran
0%
Curtis
0%
Custer
0%
Cutlerville
0%
Dafter
0%
Daggett
0%
Dakota Heights
0%
Damon
0%
Danby
0%
Dansville
0%
Davison
0%
Dayton
0%
Decatur
0%
Deckerville
0%
Deep River
0%
Deerfield
0%
Deer Park
0%
Deford
0%
Delhi
0%
Delta
0%
Delton
0%
Denmark
0%
Denton
0%
Denver
0%
Detour
0%
DeTour Village
0%
Detroit Beach
0%
Deward
0%
DeWitt
0%
Dexter
0%
Diann
0%
Dickson
0%
Dighton
0%
Dimondale
0%
Dinca
0%
Diorite
0%
Dodgeville
0%
Dollarville
0%
Dolph
0%
Donken
0%
Dorr
0%
Douglass
0%
Dover
0%
Dowagiac
0%
Dowling
0%
Doyle
0%
Drayton Plains
0%
Dreamland
0%
Drummond
0%
Dryden
0%
Duncan
0%
Dundee
0%
Duplain
0%
Durand
0%
Dwight
0%
Eagle Nest
0%
East Bay
0%
East China
0%
East Jordan
0%
Eastlake
0%
East Leroy
0%
Eastmanville
0%
Easton
0%
Eastpointe
0%
Eastport
0%
East Rockwood
0%
East Tawas
0%
Eastwood
0%
Eaton
0%
Eaton Rapids
0%
Eau Claire
0%
Echo
0%
Eckford
0%
Ecorse
0%
Eden
0%
Edenville
0%
Edgemont Park
0%
Edgewater Heights
0%
Edmore
0%
Edwards
0%
Edwardsburg
0%
Egelston
0%
Elba
0%
Elberta
0%
Elbow Lake
0%
Elbridge
0%
Elizabeth Lake
0%
Elkland
0%
Ellington
0%
Ellis
0%
Ellsworth
0%
Elmer
0%
Elm Hall
0%
Elmira
0%
Elm River
0%
Elmwood
0%
Elsie
0%
Ely
0%
Emerson
0%
Emmett
0%
Empire
0%
Engadine
0%
Ensign
0%
Ensley
0%
Enterprise
0%
Epoufette
0%
Erickson Landing
0%
Erie
0%
Erwin
0%
Eschol
0%
Essex
0%
Essexville
0%
Estral Beach
0%
Eureka
0%
Evangeline
0%
Evart
0%
Eveline
0%
Everett
0%
Evergreen
0%
Evergreen Acres
0%
Evergreen Shores
0%
Ewen
0%
Ewing
0%
Excelsior
0%
Exeter
0%
Fabius
0%
Fairbanks
0%
Fairfield
0%
Fairgrove
0%
Fairhaven
0%
Fair Plain
0%
Fairplain
0%
Fairview
0%
Faithorn
0%
Falmouth
0%
Farwell
0%
Fawn River
0%
Fayette
0%
Fayettes Corner
0%
Federman
0%
Felch
0%
Fennville
0%
Fenton
0%
Ferris
0%
Ferry
0%
Ferrysburg
0%
Fiborn Quarry
0%
Fife Lake
0%
Filer
0%
Filer City
0%
Fillmore
0%
Fingerboard Corner
0%
Fish Lake
0%
Flat Rock
0%
Fleming
0%
Florence
0%
Flowerfield
0%
Flushing
0%
Flynn
0%
Ford River
0%
Forest
0%
Forester
0%
Forest Hills
0%
Forest Home
0%
Forestville
0%
Fork
0%
Forsyth
0%
Fort Gratiot
0%
Foster
0%
Fostoria
0%
Fountain
0%
Four Towns
0%
Fowler
0%
Fowlerville
0%
Frankenlust
0%
Franklin Mine
0%
Fraser
0%
Freda
0%
Frederic
0%
Frederick
0%
Fredonia
0%
Freedom
0%
Freeland
0%
Freeman
0%
Freeport
0%
Free Soil
0%
French Landing
0%
Frenchtown
0%
Friendship
0%
Frost
0%
Fruitland
0%
Fruitport
0%
Gaastra
0%
Gagetown
0%
Gaines
0%
Galesburg
0%
Galien
0%
Galloway
0%
Ganges
0%
Garden
0%
Garden City
0%
Garnet
0%
Gaylord
0%
Geels
0%
Geloster
0%
Genesee
0%
Geneva
0%
Genoa
0%
Gentian
0%
Georgetown
0%
Germfask
0%
Gerrish
0%
Gibbs City
0%
Gibraltar
0%
Gibson
0%
Gilchrist
0%
Gilead
0%
Gilford
0%
Gilmore
0%
Girard
0%
Gladwin
0%
Glen Arbor
0%
Gobles
0%
Golden
0%
Golfcrest
0%
Goo
0%
Goodar
0%
Good Harbor
0%
Goodland
0%
Goodrich
0%
Goodwell
0%
Gore
0%
Gould City
0%
Gourley
0%
Grafton
0%
Grand Beach
0%
Grand Blanc
0%
Grand Island
0%
Grand Ledge
0%
Grand Marais
0%
Grand Valley
0%
Grand View
0%
Grand View Acres
0%
Grant
0%
Grape
0%
Grass Lake
0%
Grattan
0%
Grawn
0%
Grayling
0%
Greenbush
0%
Greendale
0%
Green Lake
0%
Greenland
0%
Greenleaf
0%
Green Oak
0%
Greenville
0%
Greenwood
0%
Greilickville
0%
Grim
0%
Gros Cap
0%
Grosse Pointe Farms
0%
Grout
0%
Groveland
0%
Gun Plain
0%
Gustin
0%
Hadley
0%
Hagar
0%
Hagensville
0%
Haight
0%
Hallock
0%
Hamburg
0%
Hamilton
0%
Hamlin
0%
Hampton
0%
Handy
0%
Hannah
0%
Hanover
0%
Harbor Beach
0%
Harbor Springs
0%
Hard Luck
0%
Hardwood Acres
0%
Haring
0%
Harlan
0%
Harper Woods
0%
Harrietta
0%
Harris
0%
Harrison
0%
Harrisville
0%
Hartland
0%
Hartwick
0%
Haslett
0%
Hastings
0%
Hatton
0%
Havre
0%
Hawes
0%
Hay
0%
Hayes
0%
Haynes
0%
Hazel Park
0%
Hazelton
0%
Heath
0%
Hebron
0%
Helena
0%
Hell
0%
Helmer
0%
Hematite
0%
Hemlock
0%
Henderson
0%
Hendricks
0%
Henrietta
0%
Henry
0%
Herman
0%
Hermansville
0%
Herron
0%
Hersey
0%
Hesperia
0%
Hessel
0%
Hiawatha
0%
Hickory Corners
0%
Higgins
0%
Higgins Lake
0%
Hill
0%
Hillcrest
0%
Hillcrest Orchard
0%
Hillman
0%
Hillsdale
0%
Hinchman
0%
Hinton
0%
Hobart
0%
Hockaday
0%
Hodge
0%
Holland
0%
Holly
0%
Holmes
0%
Holt
0%
Holton
0%
Home
0%
Homer
0%
Homestead
0%
Honor
0%
Hope
0%
Hopkins
0%
Horton
0%
Horton Bay
0%
Houghton Lake
0%
Houghton Lake Heights
0%
Houghton Point
0%
Howard
0%
Howard City
0%
Howell
0%
Hoxeyville
0%
Hubbard Lake
0%
Hubbardston
0%
Hubbell
0%
Hulbert
0%
Humboldt
0%
Hume
0%
Huntington Woods
0%
Huntspur
0%
Huron
0%
Hurontown
0%
Ida
0%
Ida Center
0%
Idlewild
0%
Imlay
0%
Imlay City
0%
Independence
0%
Indianfields
0%
Indian River
0%
Ingalls
0%
Ingallston
0%
Ingersoll
0%
Ingham
0%
Inkster
0%
Inland
0%
Interior
0%
Interlochen
0%
Inverness
0%
Inwood
0%
Iosco
0%
Ira
0%
Ironton
0%
Irving
0%
Isabella
0%
Isadore
0%
Ithaca
0%
Jacktown
0%
James
0%
Jamestown
0%
Jasper
0%
Jefferson
0%
Jenison
0%
Jennings
0%
Jerome
0%
Johnstown
0%
Jonesfield
0%
Jonesville
0%
Jordan
0%
Joyfield
0%
Juniata
0%
Kalamo
0%
Kaleva
0%
Kalkaska
0%
Kasson
0%
Kawkawlin
0%
Kearney
0%
Kearsarge
0%
Keeler
0%
Keene
0%
Kenneth
0%
Keno
0%
Kenockee
0%
Kensington
0%
Kent City
0%
Keystone
0%
Killmaster
0%
Kilmanagh
0%
Kimball
0%
Kincheloe
0%
Kinde
0%
Kinderhook
0%
Kingsford
0%
Kinross
0%
Klacking
0%
Klingers
0%
Kochville
0%
Koehler
0%
Koss
0%
Koylton
0%
Krakow
0%
Lac La Belle
0%
Lafayette
0%
LaGrange
0%
Laingsburg
0%
Laird
0%
Lake Angelus
0%
Lake Ann
0%
Lake City
0%
Lake Fenton
0%
Lakefield
0%
Lake George
0%
Lake Gogebic
0%
Lake Isabella
0%
Lake LeAnn
0%
Lake Leelanau
0%
Lake Michigan Beach
0%
Lake Odessa
0%
Lake Orion
0%
Lakeport
0%
Lakeside
0%
Lakes of the North
0%
Laketon
0%
Laketown
0%
Lake Victoria
0%
Lakeview
0%
Lakewood Club
0%
Lambertville
0%
Lamont
0%
Lamotte
0%
Lapeer
0%
Larkin
0%
La Salle
0%
Lathrup Village
0%
Lawrence
0%
Lawton
0%
Leavitt
0%
Lebanon
0%
Leer
0%
Leighton
0%
Lennon
0%
Lenox
0%
Leonard
0%
Leoni
0%
Leonidas
0%
LeRoy
0%
Leroy
0%
Leslie
0%
Level Park–Oak Park
0%
Levering
0%
Lexington
0%
Liberty
0%
Liberty Corners
0%
Lilley
0%
Lima
0%
Limestone
0%
Linden
0%
Liske
0%
Litchfield
0%
Littlefield
0%
Little Traverse
0%
Livingston
0%
Locke
0%
Lockport
0%
Lockwood Beach
0%
Lodi
0%
Logan
0%
London
0%
Long Lake
0%
Long Rapids
0%
Loomis
0%
Lost Lake Woods
0%
Lost Peninsula
0%
Loud
0%
Lovells
0%
Loxley
0%
Lucas
0%
Ludington
0%
Lulu
0%
Luna Pier
0%
Lupton
0%
Luther
0%
Luzerne
0%
Lyndon
0%
Lynn
0%
Lyon
0%
Lyon Manor
0%
Lyons
0%
Mabel
0%
Macon
0%
Mancelona
0%
Manchester
0%
Manistee Lake
0%
Manitou Beach–Devils Lake
0%
Manlius
0%
Manseau
0%
Mansfield
0%
Manton
0%
Maple Beach
0%
Maple City
0%
Maple Forest
0%
Maple Grove
0%
Maple Rapids
0%
Maple Ridge
0%
Maple River
0%
Mapleton
0%
Maple Valley
0%
Marathon
0%
Marcellus
0%
Marengo
0%
Marenisco
0%
Marilla
0%
Marine City
0%
Marion
0%
Markey
0%
Marlborough
0%
Marlette
0%
Marne
0%
Marshall
0%
Martin
0%
Martins Landing
0%
Martinsville
0%
Martiny
0%
Marysville
0%
Mason
0%
Masonville
0%
Mass City
0%
Mastodon
0%
Matchwood
0%
Mathias
0%
Mattawan
0%
Matteson
0%
Maybee
0%
Mayfield
0%
Mayville
0%
McBain
0%
McBride
0%
McKinley
0%
McMillan
0%
Meade
0%
Meads Landing
0%
Mears
0%
Meauwataka
0%
Mecosta
0%
Medina
0%
Mellen
0%
Melrose
0%
Melvin
0%
Melvindale
0%
Memphis
0%
Mendon
0%
Mentha
0%
Mentor
0%
Meredith
0%
Meridian
0%
Merrill
0%
Merritt
0%
Mesick
0%
Metamora
0%
Metz
0%
Meyer
0%
Michelson
0%
Michigamme
0%
Michigan Center
0%
Middle Branch
0%
Middlebury
0%
Middletown
0%
Middleville
0%
Mikado
0%
Milan
0%
Milford
0%
Millbrook
0%
Millburg
0%
Millecoquins
0%
Millen
0%
Millersburg
0%
Millers Lake
0%
Milleville Beach
0%
Millington
0%
Mills
0%
Minden
0%
Minden City
0%
Mio
0%
Moddersville
0%
Moffatt
0%
Mohawk
0%
Moltke
0%
Monitor
0%
Monroe Center
0%
Montague
0%
Montcalm
0%
Monterey
0%
Monterey Center
0%
Montgomery
0%
Montmorency
0%
Montrose
0%
Moore
0%
Moorestown
0%
Moorland
0%
Moran
0%
Morenci
0%
Morley
0%
Morrice
0%
Morton
0%
Moscow
0%
Mottville
0%
Mount Forest
0%
Mount Haley
0%
Mount Morris
0%
Mount Pleasant
0%
Mueller
0%
Muir
0%
Mullett
0%
Mulliken
0%
Mundy
0%
Munith
0%
Munro
0%
Mussey
0%
Nadeau
0%
Nahma
0%
Napoleon
0%
Nashville
0%
Naubinway
0%
Neahtawanta
0%
Nellsville
0%
Nelson
0%
Nepco Camp Number 7
0%
Nessen City
0%
Nester
0%
Newark
0%
Newaygo
0%
New Baltimore
0%
Newberg
0%
New Boston
0%
New Buffalo
0%
New Era
0%
Newfield
0%
New Haven
0%
Newkirk
0%
New Lothrop
0%
Newport
0%
New Troy
0%
Nicholsville
0%
Niles
0%
Nisula
0%
Noble
0%
Nonesuch Mine
0%
Norman
0%
North Adams
0%
North Allis
0%
North Branch
0%
Northfield
0%
North Plains
0%
Northport
0%
Northport Point
0%
North Shade
0%
North Shores
0%
North Star
0%
North Unity
0%
Northview
0%
Northville
0%
Norton Shores
0%
Norvell
0%
Norwich
0%
Norwood
0%
Nottawa
0%
Novesta
0%
Nunda
0%
Nunica
0%
Oakfield
0%
Oak Hill
0%
Oakley
0%
Oak Park
0%
Oakville
0%
Oceola
0%
Ocqueoc
0%
Oden
0%
Odessa
0%
Ogden
0%
Ogemaw
0%
Ogemaw Springs
0%
Ojibway
0%
Okemos
0%
Old Mission
0%
Old Mission Point
0%
Oldport
0%
Olive
0%
Oliver
0%
Olivet
0%
Omard
0%
Omena
0%
Onaway
0%
Oneida
0%
Onekama
0%
Onominee
0%
Onondaga
0%
Onota
0%
Onsted
0%
Ontonagon
0%
Ontwa
0%
Orange
0%
Orangeville
0%
Orchard Lake Village
0%
Oregon
0%
Orient
0%
Orion
0%
Orleans
0%
Oronoko
0%
Ortonville
0%
Osceola
0%
Oscoda
0%
Oshtemo
0%
Ossineke
0%
Otisco
0%
Otisville
0%
Otsego
0%
Otsego Lake
0%
Ottawa
0%
Ottawa Lake
0%
Otter Lake
0%
Otto
0%
Overisel
0%
Ovid
0%
Owendale
0%
Owosso
0%
Ozark
0%
Painesdale
0%
Paint Creek
0%
Palaestrum
0%
Palmer
0%
Palmyra
0%
Palo
0%
Paradise
0%
Parchment
0%
Paris
0%
Parisville
0%
Park
0%
Parkdale
0%
Park Lake
0%
Parkville
0%
Parma
0%
Parnell
0%
Patrick Landing
0%
Patterson Gardens
0%
Paulding
0%
Pavilion
0%
Paw Paw
0%
Paw Paw Lake
0%
Peacock
0%
Peaine
0%
Pearl Beach
0%
Peck
0%
Pelkie
0%
Penn
0%
Pennfield
0%
Pennock
0%
Pentland
0%
Pentwater
0%
Pequaming
0%
Pere Cheney
0%
Pere Marquette
0%
Perkins
0%
Perrinton
0%
Perry
0%
Peshawbestown
0%
Petersburg
0%
Petersburg Junction
0%
Pewamo
0%
Phoenix
0%
Pickford
0%
Pierson
0%
Pigeon
0%
Pilgrim
0%
Pinckney
0%
Pinconning
0%
Pine
0%
Pine Grove
0%
Pine River
0%
Pine Stump Junction
0%
Pinnebog
0%
Pinnepog
0%
Pinora
0%
Pioneer
0%
Pipestone
0%
Pittsfield
0%
Pittsford
0%
Plainfield
0%
Plains
0%
Plainwell
0%
Platte
0%
Pleasant Lake
0%
Pleasanton
0%
Pleasant Plains
0%
Pleasant Ridge
0%
Pleasantview
0%
Podunk
0%
Pointe aux Peaux
0%
Pointe Aux Pins
0%
Pokagon
0%
Polkton
0%
Ponshewaing
0%
Pontchartrain Shores
0%
Portage Point
0%
Port Dolomite
0%
Port Hope
0%
Port Inland
0%
Portland
0%
Port Sanilac
0%
Port Sheldon
0%
Portsmouth
0%
Posen
0%
Potterville
0%
Potts
0%
Powell
0%
Powers
0%
Prairie Ronde
0%
Prairieville
0%
Prescott
0%
Presque Isle
0%
Presque Isle Harbor
0%
Print
0%
Prosper
0%
Prudenville
0%
Pulaski
0%
Pulawski
0%
Pullman
0%
Putnam
0%
Quinn
0%
Quinnesec
0%
Raber
0%
Rahe
0%
Raisin
0%
Raisinville
0%
Ramsay
0%
Ransom
0%
Rapid City
0%
Rapid River
0%
Rapson
0%
Rattle Run
0%
Ravenna
0%
Rawsonville
0%
Ray
0%
Ray, Indiana and Michigan
0%
Raymbaultown
0%
Rea
0%
Reading
0%
Readmond
0%
Redding
0%
Redford
0%
Red Park
0%
Reed City
0%
Reeder
0%
Reese
0%
Reno
0%
Republic
0%
Resort
0%
Rexton
0%
Reynolds
0%
Rhodes
0%
Rich
0%
Richfield
0%
Richland
0%
Richmond
0%
Ridgeway
0%
Riga
0%
Riley
0%
Ripley
0%
Riverdale
0%
River Rouge
0%
Riverside
0%
Riverton
0%
Riverview
0%
Rives
0%
Robbins
0%
Robin Glen–Indiantown
0%
Robinson
0%
Rock
0%
Rockford
0%
Rock Harbor Lodge
0%
Rockland
0%
Rock River
0%
Rockview
0%
Rockwood
0%
Rogers
0%
Rogers City
0%
Rolland
0%
Rollin
0%
Rome
0%
Romeo
0%
Ronald
0%
Roosevelt Park
0%
Roscommon
0%
Rose
0%
Rosebush
0%
Rose City
0%
Rose Lake
0%
Roseville
0%
Ross
0%
Rothbury
0%
Roulo
0%
Roxand
0%
Royalton
0%
Rubicon
0%
Ruby
0%
Rudyard
0%
Rush
0%
Rust
0%
Rutland
0%
Sage
0%
Saginaw Township North
0%
Saginaw Township South
0%
Sagola
0%
Saint Anthony
0%
Salem
0%
Saline
0%
Samaria
0%
Sanborn
0%
Sand Beach
0%
Sand Lake
0%
Sands
0%
Sandstone
0%
Sandusky
0%
Sanford
0%
Sanilac
0%
Sans Souci
0%
Saranac
0%
Sauble
0%
Schoolcraft
0%
Scio
0%
Sciota
0%
Scipio
0%
Scofield
0%
Scotts
0%
Scottville
0%
Sebewa
0%
Sebewaing
0%
Secord
0%
Selkirk
0%
Selma
0%
Seneca
0%
Seville
0%
Shady Shores
0%
Shaftsburg
0%
Sharon
0%
Sharps Corner
0%
Shattuckville
0%
Shavehead
0%
Sheffield
0%
Shelby
0%
Sheldon
0%
Shelldrake
0%
Shepherd
0%
Sheridan
0%
Sherman
0%
Sherwood
0%
Shiawassee
0%
Shiawassee Town
0%
Shields
0%
Shoreham
0%
Shorewood–Tower Hills–Harbert
0%
Sidnaw
0%
Sidney
0%
Sigel
0%
Sigma
0%
Silver Creek
0%
Silverwood
0%
Simmons
0%
Sims
0%
Singapore
0%
Skandia
0%
Skeels
0%
Skegemog Point
0%
Skidmore
0%
Skidway Lake
0%
Slagle
0%
Snover
0%
Snowshoe
0%
Sodus
0%
Solon
0%
Somerset
0%
Soo
0%
South Arm
0%
South Assyria
0%
South Boardman
0%
South Branch
0%
Southgate
0%
South Gull Lake
0%
South Haven
0%
South Lyon
0%
South Monroe
0%
South Range
0%
South Rockwood
0%
Spalding
0%
Sparta
0%
Spaulding
0%
Speaker
0%
Spencer
0%
Spring Arbor
0%
Springdale
0%
Spring Lake
0%
Springport
0%
Springvale
0%
Springville
0%
Spurr
0%
Stambaugh
0%
Standish
0%
Stannard
0%
Stanton
0%
Stanwood
0%
Star
0%
Star City
0%
St. Charles
0%
Stephenson
0%
Stevensville
0%
St. Helen
0%
Stittsville
0%
St. James
0%
St. Johns
0%
St. Louis
0%
Stockbridge
0%
Stony Creek
0%
Stony Point
0%
Stover
0%
Strasburg
0%
Stratford
0%
Stronach
0%
Sugar Island
0%
Sugar Rapids
0%
Sullivan
0%
Summerfield
0%
Summit
0%
Summit City
0%
Sumner
0%
Sumpter
0%
Sunfield
0%
Superior
0%
Surrey
0%
Suttons Bay
0%
Swan Creek
0%
Swanzy
0%
Swartz Creek
0%
Swedetown
0%
Sweetwater
0%
Sylvan
0%
Sylvan Lake
0%
Tallmadge
0%
Tapiola
0%
Tawas
0%
Tawas City
0%
Taymouth
0%
Tecumseh
0%
Tekonsha
0%
Temperance
0%
Temple
0%
Tent City
0%
Texas
0%
Thetford
0%
Thompsonville
0%
Thornapple
0%
Three Lakes
0%
Three Oaks
0%
Three Rivers
0%
Tilden
0%
Tittabawassee
0%
Tobacco
0%
Toivola
0%
Tompkins
0%
Torch Lake
0%
Tower
0%
Trimountain
0%
Trout Lake
0%
Trufant
0%
Tunk
0%
Turin
0%
Turner
0%
Tuscarora
0%
Tuscola
0%
Tustin
0%
Twining
0%
Twin Lake
0%
Tyrone
0%
Ubly
0%
Unadilla
0%
Union City
0%
Union Lake
0%
Union Pier
0%
Unionville
0%
University Center
0%
Utica
0%
Valley
0%
Van Buren
0%
Vandalia
0%
Vanderbilt
0%
Vandercook Lake
0%
Vassar
0%
Vaughnsville
0%
Venice
0%
Vergennes
0%
Vermilion
0%
Vermontville
0%
Vernon
0%
Verona
0%
Vevay
0%
Vicksburg
0%
Victor
0%
Victory
0%
Vienna
0%
Vienna Corners
0%
Vienna Junction
0%
Village of Clarkston
0%
Village of Grosse Pointe Shores
0%
Vineyard Lake
0%
Vogel Center
0%
Volinia
0%
Wabaningo
0%
Wacousta
0%
Wakeshma
0%
Waldron
0%
Wales
0%
Walkerville
0%
Walled Lake
0%
Walloon Lake
0%
Walton
0%
Waltz
0%
Warner
0%
Waterford
0%
Waterford Village
0%
Waterloo
0%
Watersmeet
0%
Watertown
0%
Watervale
0%
Watson
0%
Waucedah
0%
Waverly
0%
Wawatam
0%
Wayland
0%
Weare
0%
Webber
0%
Webberville
0%
Webster
0%
Wedgewood
0%
Weesaw
0%
Weidman
0%
Wekwagamaw
0%
Weldon
0%
Wellington
0%
Wells
0%
Wellston
0%
West Branch
0%
West Ishpeming
0%
Westland
0%
West Monroe
0%
Westphalia
0%
West Sumpter
0%
West Traverse
0%
Westwood
0%
Wetzell
0%
Wexford
0%
Wheatfield
0%
Wheatland
0%
Wheeler
0%
Whiskey Creek
0%
White Cloud
0%
Whitefish
0%
Whitefish Point
0%
Whiteford
0%
Whiteford Center
0%
Whitehall
0%
White Lake
0%
White Oak
0%
White Pigeon
0%
White Pine
0%
White River
0%
White Rock
0%
White Star
0%
Whitewater
0%
Whitmore Lake
0%
Whitney
0%
Whittaker
0%
Whittemore
0%
Wick-A-Te-Wah
0%
Wilber
0%
Wilcox
0%
Wildwood Shores
0%
Williamsport
0%
Williamston
0%
Williamstown
0%
Willis
0%
Willow
0%
Wilmot
0%
Windigo
0%
Windsor
0%
Winegars
0%
Winfield
0%
Winn
0%
Winsor
0%
Winterfield
0%
Wise
0%
Wisner
0%
Wixom
0%
Wobic
0%
Wolf Lake
0%
Wolverine
0%
Wolverine Lake
0%
Woodbridge
0%
Wooden Shoe Village
0%
Woodhaven
0%
Woodhull
0%
Woodland
0%
Woodland Beach
0%
Woodstock
0%
Worth
0%
Wright
0%
Wyandotte
0%
Yale
0%
Yankee Springs
0%
Yargerville
0%
Yates
0%
Yuba
0%
Yuma
0%
Zeba
0%
Zilwaukee
0%
No matching quizzes found
Score Distribution
Percent of People with Each Score
Percentile by Number Answered
Your Score History
You have not taken this quiz